[Event "NOR-chT Club"]
[Site "Drammen"]
[Date "2025.05.29"]
[Round "1.5"]
[White "Stake Larsen, Gunnar"]
[Black "Zhao, Robert Hongbo"]
[Result "1-0"]
[WhiteElo "1977"]
[BlackElo "1738"]
[PlyCount "47"]
[EventDate "2025.05.29"]
[EventType "team-swiss"]
[EventRounds "6"]
[EventCountry "NOR"]
[SourceTitle "CB23_2025"]
[SourceDate "2025.06.04"]
[SourceVersion "1"]
[SourceVersionDate "2025.06.04"]
[SourceQuality "1"]
[WhiteTeam "Oslo Schakselskap II"]
[BlackTeam "Dragen Bla"]
[WhiteTeamCountry "NOR"]
[BlackTeamCountry "NOR"]

1. d4 Nf6 2. c4 d5 3. Nf3 e6 4. Nc3 h6 5. e3 c5 6. dxc5 Bxc5 7. cxd5 Bb4 8. Qa4+ Nbd7 9. Qxb4 exd5 10. Bd3 Nb6 11. 0-0 Bd7 12. e4 dxe4 13. Bxe4 Qc7 14. Nb5 Bxb5 15. Qxb5+ Nfd7 16. Qb4 Nc5 17. Be3 Nbd7 18. Rac1 Rc8 19. Bxc5 Nxc5 20. Bf5 0-0 21. Bxc8 Nd3 22. Rxc7 Nxb4 23. Bxb7 Nxa2 24. Rc8 1-0